000 00769cam a2200205 4500
001 WB3823-15
008 020626n2002 000 0 eng u
035 _a(Sirsi) u118536
245 2 _aA boost for tenant support services
260 _c2002
490 _aInside Housing
_v 21 June 2002, 8(1)
520 _aA Housing Corporation report, "An evaluation of the effectiveness of a tenancy support service", shows that such services provide value for money, helping prevent tenants going into arrears and guiding them to services. The report is available on www.housingcorp.gov.uk for free.
590 _aWB
650 _aTENANCY SUPPORT SERVICES
650 _aTENANTS
650 _aSOCIAL HOUSING
650 _aRENT ARREARS
690 _aHOUSING
942 _n0
999 _c70581
_d70581